000 01328nam a2200289 i 4500
001 bg
245 0 0 _aTechnologia i zarządzanie w budownictwie /
_c[red. nauk. Ewa Marcinkowska].
246 1 5 _aTechnology and management in building engineering
260 _aWrocław :
_bOficyna Wydawnicza Politechniki Wrocławskiej,
_c2008.
300 _a456 s. :
_bil. ;
_c24 cm.
490 1 _aPrace Naukowe Instytutu Budownictwa Politechniki Wrocławskiej. Studia i Materiały =
_aScientific Papers of the Institute of Building Engineering of the Wrocław University of Technology. Studies and Research,
_x0137-6241 ;
_v20
500 _aTyt. równol.: Technology and management in building engineering. Numeracja serii gł.: 91.
504 _aBibliogr. przy pracach.
546 _aStreszcz. ang. przy pracach. Spis treści także ang.
650 9 _aBudownictwo
_xzarządzanie
650 9 _aBudownictwo
_xtechnologia
700 1 _aMarcinkowska, Ewa
_c(budownictwo).
_eRed.
830 0 _aPrace Naukowe Instytutu Budownictwa Politechniki Wrocławskiej
_v91
830 0 _aPrace Naukowe Instytutu Budownictwa Politechniki Wrocławskiej.
_pStudia i Materiały
_v20
015 _aPB 22731/2008
040 _cBPK
041 0 _apol
_beng
044 _aPOL
080 _a69:005
942 _cKS
008 090803s2008 pl a |000 0 pol
999 _c56576
_d56576
856 _uhttp://koha.tu.koszalin.pl/cgi-bin/koha/opac-detail.pl?biblionumber=56576
_yKatalog online BPK